أشهر المحاكمات في التاريخ : (رقم التسجيلة. 81971)

تفاصيل مارك
000 -الفاتح
عناصر البيانات ثابتة الطول 00764cam a2200193 i 4500
005 - تاريخ ووقت آخر معاملة
حقل ضبط 20260125110527.0
008 - عناصر البيانات ثابتة الطول
عناصر البيانات ثابتة الطول 250721s1991 le gr 000 0 ara d
082 14 - رقم تصنيف ديوي العشري
رقم التصنيف 345.07
رقم المادة ع ي س
100 1# - مدخل رئيسي – اسم شخصي
الاسم الشخصي العيساوي، علي عبدالعال
علاقة الشخص بالعمل/ دوره مؤلف.
245 10 - بيان العنوان
العنوان أشهر المحاكمات في التاريخ :
بيان المسؤولية تأليف وإعداد الاستاذ علي عبدالعال العيساوي.
بقية العنوان من واقع سجلات المحاكم /
250 ## - بيان الطبعة
بيان الطبعة الطبعة الأولى.
264 31 - بيانات النشر، التوزيع…إلخ
مكان النشر، التوزيع...إلخ بيروت :
تاريخ النشر، التوزيع...إلخ 1991.
اسم الناشر، الموزع...إلخ دار الجيل،
300 ## - الوصف المادي
عدد الوحدات المكونة للوعاء 237 صفحة.
650 17 - مدخل إضافي بالموضوع - مصطلح موضوعي
مصطلح موضوعي أو اسم جغرافي كعنصر مدخل القانون الجنائي.
650 17 - مدخل إضافي بالموضوع - مصطلح موضوعي
مصطلح موضوعي أو اسم جغرافي كعنصر مدخل المحاكمات.
650 17 - مدخل إضافي بالموضوع - مصطلح موضوعي
مصطلح موضوعي أو اسم جغرافي كعنصر مدخل الإجراءات المدنية.
942 ## - بيانات إضافية (كوها)
نوع التنصيف Dewey Decimal Classification
نوع المادة (كوها) كتب
المقتنيات
حالة السحب حالة الفقدان مصدر التصنيف حالة التلف غير قابل للإعارة المكتبة الرئيسية المكتبة الحالية موقع الرف تاريخ التزويد الرقم المتسلسل Total Checkouts رقم الإستدعاء الباركود تاريخ آخر ظهور تاريخ الفاتورة نوع المادة (كوها)
    Dewey Decimal Classification     المكتبة المركزية المكتبة المركزية الإعارة 11/04/2011 1440526   345.07 / ع ي س PLD00201106 28/07/2025 11/04/2011 كتب
Implemented & Customized by: BBB with SCIT (Smart Chains for Information Technology)

Powered by Koha